000 00376nam a2200157Ia 4500
008 210210b1965 xxu||||| |||| 00| 0 eng d
082 _a621.3841 HELE
100 _aHELLMAN (Charles I).
245 _aElements of radio. Ed 3.
250 _a
260 _aLondon.
_bD Van Nostrand Co,
_c1965
300 _axiii,354
650 _aRadio
690 _aRadio
906 _a039432
999 _c89138
_d89138